000 01134nam a22003017a 4500
001 8336
003 FISKH
005 20250909143511.0
008 250909b cb ||||| |||| 00| 0 eng d
020 _a9780746061985
040 _aFISKH
_beng
_cFISKH
_dFISKH
050 _aPZ7
082 _a823.92
100 _aAmery, Heather
245 _aUsborne Farmyard tales :
_bWoolly stops the train /
_cHeather Amery ; Illustrated by Stephen Cartwright ; Language consultant : Betty Root ; Series editor: Jenny Tyler
250 _aThis edition first published in 2004
260 _aLondon :
_bUsborne,
_c2004
300 _a17 unnumbered pages :
_bcolor illustrations ;
_c21 cm
505 _aE
520 _aThis is one of a series of pocket-sized editions of Farmyard Tales, all about Poppy, Sam and all the animals who live on Apple Tree Farm. There is also a little yellow duck to spot on every page.
521 8 _a250
_bLexile
521 8 _aE
_bRaz-Plus
650 _2Railroads
_aWhite basket
650 _2Trains
_aFarmyard Tales
700 _aCartwright, Stephen
_dillustrator
942 _2ddc
_cBK
_n0
999 _c8336
_d8336